| 000 | 01391nam a22003737a 4500 | ||
|---|---|---|---|
| 003 | CHAP | ||
| 005 | 20220329140125.0 | ||
| 008 | 971013s1976 r 00010 d | ||
| 010 | _a47341 | ||
| 011 | _a48313 | ||
| 035 | _a52458 | ||
| 040 | _cCHAP | ||
| 090 | _aTesis | ||
| 100 | 0 | 0 |
_aRevilla Campbell, Humberto Enrique. _996702 |
| 245 | _aEfectividad de cinco insecticidas y de un segregante de la cruza de girasol silvestre por cultivado en el control de la palomilla del girasol (Homeosoma electellum, Hulst) | ||
| 260 |
_aMonterrey, N. L. : _bEl autor, _c1976 |
||
| 300 |
_a68 h. _b; gráfs. |
||
| 502 | _aTesis (Ing. Agr. en Producción) -- ITESM. División de Ciencias Agropecuarias y Marítimas | ||
| 590 |
_aALEPH _b10 _c20130110 _lUCH01 _h1317 |
||
| 590 |
_aBATCH-UPD _b10 _c20130109 _lUCH01 _h2312 |
||
| 590 |
_aBATCH-UPD _b10 _c20130110 _lUCH01 _h0103 |
||
| 590 |
_aBATCH-UPD _b10 _c20130110 _lUCH01 _h1631 |
||
| 590 |
_aBATCH-UPD _b10 _c20130410 _lUCH01 _h1023 |
||
| 590 |
_aBATCH-UPD _b10 _c20130914 _lUCH01 _h1543 |
||
| 590 |
_aCONVERSION _b10 _c20130109 _lUCH01 _h1326 |
||
| 650 | 1 | 4 |
_aGirasol _xGenética. _948149 |
| 650 | 1 | 4 |
_aGirasol _xPlagas. _948168 |
| 650 | 1 | 4 |
_aGirasol _xVariedades resistentes a plagas. _948188 |
| 650 | 1 | 4 |
_aInsecticidas. _958855 |
| 650 | 1 | 4 |
_aPalomilla del girasol. _985017 |
| 901 | _aBK | ||
| 942 | _cTESIS | ||
| 949 |
_bBC _cTES _d-116863 _eTS1 _i52458 _si |
||
| 999 |
_c47341 _d47341 |
||